书目信息 |
| 题名: |
摄影基础教程
|
|
| 作者: | 黎大志 , 吕不 主编 | |
| 分册: | ||
| 出版信息: | 北京 人民邮电出版社 2024.08 |
|
| 页数: | 204页 | |
| 开本: | 26cm | |
| 丛书名: | “创新设计思维”数字媒体与艺术设计类新形态丛书 | |
| 单 册: | ||
| 中图分类: | J41 | |
| 科图分类: | ||
| 主题词: | 摄影技术--教材 | |
| 电子资源: | ||
| ISBN: | 978-7-115-64216-5 | |
| 000 | 01082oam2 2200265 450 | |
| 001 | 01044334 | |
| 005 | 20251022195129.33 | |
| 010 | @a978-7-115-64216-5@dCNY79.80 | |
| 100 | @a20240829d2024 em y0chiy0120 ea | |
| 101 | 0 | @achi |
| 102 | @aCN@b110000 | |
| 105 | @aa z 000yy | |
| 106 | @ar | |
| 200 | 1 | @a摄影基础教程@9she ying ji chu jiao cheng@e微课版@f黎大志, 吕不主编 |
| 210 | @a北京@c人民邮电出版社@d2024.08 | |
| 215 | @a204页@c图,照片@d26cm | |
| 225 | 1 | @a“创新设计思维”数字媒体与艺术设计类新形态丛书 |
| 330 | @a本书依托国家精品在线开放课程,讲解摄影的基础知识、美学理论和实践技巧。本书分为3篇,分别是摄影基础、摄影美学和摄影专题。摄影基础篇的内容包括摄影概述、摄影器材和摄影曝光;摄影美学篇的内容包括构图、光线和色彩;摄影专题篇的内容包括风光摄影、人像摄影、新闻摄影、商品摄影、短视频拍摄和摄影后期。 | |
| 461 | 0 | @12001 @a“创新设计思维”数字媒体与艺术设计类新形态丛书 |
| 606 | 0 | @a摄影技术@j教材 |
| 690 | @aJ41@v5 | |
| 701 | 0 | @a黎大志@9li da zhi@4主编 |
| 701 | 0 | @a吕不@9lv bu@4主编 |
| 801 | 0 | @aCN@c20250910 |
| 905 | @a河南城建学院图书馆@dJ41@eL107@ZL107@f1 | |
| 摄影基础教程:微课版/黎大志, 吕不主编.-北京:人民邮电出版社,2024.08 |
| 204页:图,照片;26cm.-(“创新设计思维”数字媒体与艺术设计类新形态丛书) |
| ISBN 978-7-115-64216-5:CNY79.80 |
| 本书依托国家精品在线开放课程,讲解摄影的基础知识、美学理论和实践技巧。本书分为3篇,分别是摄影基础、摄影美学和摄影专题。摄影基础篇的内容包括摄影概述、摄影器材和摄影曝光;摄影美学篇的内容包括构图、光线和色彩;摄影专题篇的内容包括风光摄影、人像摄影、新闻摄影、商品摄影、短视频拍摄和摄影后期。 |
| ● |
| 相关链接 |
|
|
|
正题名:摄影基础教程
索取号:J41/L107
 
预约/预借
| 序号 | 登录号 | 条形码 | 馆藏地/架位号 | 状态 | 备注 |
| 1 | 1634877 | 216348771 | 社科库309/309社科库 83排1列4层/ [索取号:J41/L107] | 在馆 |